Guía de la cría de ovejas : reproducción, Cuidados, instalaciones / (Record no. 169664)
[ view plain ]
| 000 -CABECERA | |
|---|---|
| campo de control de longitud fija | 01330nam a2200397Ia 4500 |
| 001 - NÚMERO DE CONTROL | |
| campo de control | Z_6406 |
| 003 - IDENTIFICADOR DEL NÚMERO DE CONTROL | |
| campo de control | CHAP |
| 008 - DATOS DE LONGITUD FIJA--INFORMACIÓN GENERAL | |
| campo de control de longitud fija | 220113s9999 xx 000 0 und d |
| 010 ## - NÚMERO DE CONTROL DE LA BIBLIOTECA DEL CONGRESO | |
| Número de control de LC | 169664 |
| 020 ## - NÚMERO INTERNACIONAL ESTÁNDAR DEL LIBRO | |
| Número Internacional Estándar del Libro | 978-84-282-1544-2 |
| 040 ## - FUENTE DE LA CATALOGACIÓN | |
| Centro/agencia transcriptor | CHAP |
| 082 ## - NÚMERO DE LA CLASIFICACIÓN DECIMAL DEWEY | |
| Número de clasificación | 636.31 S56 |
| 100 ## - ENTRADA PRINCIPAL--NOMBRE DE PERSONA | |
| Nombre de persona | Simmons, Paula |
| 9 (RLIN) | 144680 |
| 240 ## - TÍTULO UNIFORME | |
| Título uniforme | Storey´s guide to raising sheep |
| 245 ## - MENCIÓN DE TÍTULO | |
| Título | Guía de la cría de ovejas : reproducción, Cuidados, instalaciones / |
| Mención de responsabilidad, etc. | Paula Simmons y Carol Ekarius ; traducción Jordi Font ; ilustraciones Elayne Sears...[et al] |
| 260 ## - PUBLICACIÓN, DISTRIBUCIÓN, ETC. | |
| Lugar de publicación, distribución, etc. | España : |
| Nombre del editor, distribuidor, etc. | Omega, |
| Fecha de publicación, distribución, etc. | |
| 300 ## - DESCRIPCIÓN FÍSICA | |
| Extensión | 485 p. |
| 500 ## - NOTA GENERAL | |
| Nota general | "Nueva edición" \ Traducción de: Storey´s guide to raising sheep |
| 503 ## - NOTA DE HISTORIA BIBLIOGRÁFICA (BK CF MU) [OBSOLETO] | |
| Nota de historia bibliográfica | ej.1: consumo \ ej.2: consumo \ ej.3: consumo \ ej.4: consumo |
| 504 ## - NOTA DE BIBLIOGRAFÍA, ETC. | |
| Nota de bibliografía, etc. | Bibliografía: p. 457 - 460, incluye índice |
| 650 ## - PUNTO DE ACCESO ADICIONAL DE MATERIA--TÉRMINO DE MATERIA | |
| Término de materia o nombre geográfico como elemento de entrada | Ganado lanar |
| 9 (RLIN) | 45150 |
| 650 ## - PUNTO DE ACCESO ADICIONAL DE MATERIA--TÉRMINO DE MATERIA | |
| Término de materia o nombre geográfico como elemento de entrada | Ganado lanar |
| Subdivisión general | |
| -- | Alimentación |
| 9 (RLIN) | 141138 |
| 650 ## - PUNTO DE ACCESO ADICIONAL DE MATERIA--TÉRMINO DE MATERIA | |
| Término de materia o nombre geográfico como elemento de entrada | Ganado lanar |
| Subdivisión general | |
| -- | Alojamiento |
| 9 (RLIN) | 144681 |
| 650 ## - PUNTO DE ACCESO ADICIONAL DE MATERIA--TÉRMINO DE MATERIA | |
| Término de materia o nombre geográfico como elemento de entrada | Ganado lanar |
| Subdivisión general | |
| -- | Razas |
| 9 (RLIN) | 141472 |
| 650 ## - PUNTO DE ACCESO ADICIONAL DE MATERIA--TÉRMINO DE MATERIA | |
| Término de materia o nombre geográfico como elemento de entrada | Ganado lanar |
| Subdivisión general | |
| -- | reproducción |
| 9 (RLIN) | 140634 |
| 650 ## - PUNTO DE ACCESO ADICIONAL DE MATERIA--TÉRMINO DE MATERIA | |
| Término de materia o nombre geográfico como elemento de entrada | Ovejas |
| 9 (RLIN) | 137237 |
| 700 ## - PUNTO DE ACCESO ADICIONAL--NOMBRE DE PERSONA | |
| Nombre de persona | Font, Jordi |
| 9 (RLIN) | 144682 |
| 700 ## - PUNTO DE ACCESO ADICIONAL--NOMBRE DE PERSONA | |
| Nombre de persona | Sears, Elayne, il. |
| 700 ## - PUNTO DE ACCESO ADICIONAL--NOMBRE DE PERSONA | |
| Nombre de persona | Ekarius, Carol, coat. |
| 9 (RLIN) | 144684 |
| 901 ## - ELEMENTOS DE DATOS A LOCAL LDA (RLIN) | |
| a | 636.31 S56 |
| 902 ## - ELEMENTOS DE DATOS B LOCAL, LDB (RLIN) | |
| a | M |
| 910 ## - DATOS DE OPCIÓN DEL USUARIO (OCLC) | |
| Datos de opción del usuario | |
| 942 ## - ELEMENTOS DE PUNTO DE ACCESO ADICIONAL (KOHA) | |
| Tipo de ítem Koha | Libro_ |
| 942 ## - ELEMENTOS DE PUNTO DE ACCESO ADICIONAL (KOHA) | |
| Tipo de ítem Koha | |
| Estado de retiro | Estado de pérdida | Fuente del sistema de clasificación o colocación | Estado dañado | Restricciones de uso | No para préstamo | Código de colección | Localización permanente | Ubicación/localización actual | Fecha de adquisición | Total de préstamos | Signatura topográfica completa | Código de barras | Fecha visto por última vez | Fecha del último préstamo | Número de copia | Precio válido a partir de | Tipo de ítem Koha | Fuente de adquisición | Número de inventario |
|---|---|---|---|---|---|---|---|---|---|---|---|---|---|---|---|---|---|---|---|
| Dewey Decimal Classification | Préstamo interno | General | Zootecnia | Zootecnia | 21/02/2014 | 2 | 636.31 S56 | z_6203 | 05/12/2024 | 05/12/2024 | Ej.1 | 18/01/2022 | Libro | ||||||
| Dewey Decimal Classification | Préstamo 5 días | General | Zootecnia | Zootecnia | 09/10/2013 | 636.31 S56 | z_6204 | 18/01/2022 | Ej.2 | 18/01/2022 | Libro | Compra | Consumo | ||||||
| Dewey Decimal Classification | Préstamo 5 días | General | Zootecnia | Zootecnia | 21/02/2014 | 6 | 636.31 S56 | z_6205 | 17/06/2025 | 17/06/2025 | Ej.3 | 18/01/2022 | Libro | ||||||
| Dewey Decimal Classification | Préstamo 5 días | General | Zootecnia | Zootecnia | 21/02/2014 | 3 | 636.31 S56 | z_6206 | 03/10/2024 | 03/10/2024 | Ej.4 | 18/01/2022 | Libro |
